00458nam a2200145Ia 4500003000400000005001700004008004100021040001800062041000800080100005200088110001500140245011200155260002000267710002500287OSt20260306095934.0211028s2008 xx 000 0 und d cAIMIT LIBRARY aeng aAchar, P V Vinutha; Uchil, Pavithtra.g50971294 aManimozhi. aMulti function kiosk for duplicate bill generation and automatic cheque deposity for telecom applications / aMangalorec2008 aSPM Infotech Pvt Ltd